Les prénoms masculins les plus donnés en France depuis 1900 - Statistiques

Statistiques générales
  • Ce quiz a été pris 840 fois
  • Le résultat moyen est 66 sur 100
Statistiques - réponses
# Réponse Nombre de naissances % Correct
1 Jean 1 918 735
99%
2 Pierre 890 612
95%
15 Paul 413 349
94%
7 Louis 513 403
89%
21 François 398 413
87%
45 Marc 237 073
87%
9 Jacques 482 568
85%
3 Michel 820 224
85%
24 Christophe 375 932
84%
26 Julien 343 872
84%
5 Philippe 538 293
84%
22 Patrick 394 962
83%
39 Antoine 274 277
82%
20 Nicolas 404 000
82%
38 Thomas 276 181
82%
70 Jules 149 198
81%
35 Alexandre 298 580
79%
43 Charles 239 573
79%
10 Bernard 469 246
77%
37 Olivier 279 826
77%
17 Christian 405 328
76%
16 Claude 411 740
76%
68 Kevin 152 613
75%
29 Frédéric 327 799
74%
28 Laurent 328 407
74%
31 David 311 803
73%
30 Eric 317 966
73%
18 Henri 404 974
73%
8 Alain 506 839
72%
4 André 711 946
71%
48 Guillaume 222 369
71%
69 Mathieu 151 394
71%
34 Sébastien 303 751
71%
46 Vincent 232 035
71%
47 Yves 229 369
71%
42 Dominique 241 880
70%
51 Maxime 217 413
70%
32 Stéphane 308 305
70%
36 Thierry 289 411
70%
12 Daniel 434 416
69%
19 Georges 404 474
68%
23 Gérard 379 397
68%
53 Jean-pierre 213 541
68%
66 Lucas 164 528
68%
11 Marcel 467 464
68%
6 René 516 454
68%
77 Hugo 135 225
67%
33 Pascal 307 809
67%
75 Patrice 138 059
67%
14 Robert 419 164
67%
44 Didier 237 117
66%
78 Emmanuel 135 111
66%
86 Quentin 127 211
66%
96 Théo 113 896
66%
98 Fabien 110 811
65%
56 Jérôme 182 892
65%
55 Romain 191 493
65%
92 Léon 117 851
64%
90 Victor 123 519
64%
60 Gabriel 173 334
63%
63 Clément 167 989
62%
58 Franck 177 776
62%
97 Xavier 112 417
62%
88 Damien 125 774
61%
27 Maurice 337 182
61%
72 Alexis 146 802
59%
61 Anthony 172 847
59%
80 Fabrice 134 397
59%
59 Gilles 175 528
59%
52 Lucien 214 528
59%
54 Albert 204 100
58%
95 Arthur 113 923
58%
49 Bruno 220 490
58%
67 Denis 152 792
58%
13 Roger 423 668
58%
85 Florian 127 228
57%
93 Jérémy 117 712
57%
71 Benjamin 148 954
56%
89 Benoit 125 510
56%
50 Serge 219 103
56%
82 Cédric 134 001
55%
25 Joseph 374 277
55%
41 Guy 265 717
54%
76 Sylvain 135 728
54%
64 Francis 166 098
53%
84 Raphaël 130 324
53%
65 Emile 165 635
52%
79 Adrien 135 076
51%
40 Raymond 272 856
51%
81 Arnaud 134 309
47%
62 Jean-Claude 172 467
47%
73 Joël 146 331
46%
100 Mickael 108 977
46%
99 Enzo 109 762
44%
87 Ludovic 127 017
44%
57 Gilbert 180 025
43%
74 Hervé 139 502
43%
94 Jean-Luc 116 834
41%
91 Fernand 118 576
37%
83 Roland 132 392
34%
Aucun quiz correspondant
Distribution des résultats
% des personnes avec chaque résultat
Percentile par nombre de réponses
Votre historique - résultats
Vous n’avez pas pris ce quiz